000 01020cam a22002654a 4500
001 16369878
003 OSt
005 20230602122531.0
008 100730s2009 xr a b 000 0 eng
010 _a 2010494376
040 _aDLC
_cDLC
043 _ae-xr---
082 _a027.6
_bSOS
245 0 4 _aThe Czech Parliamentary Library :
_ba tribute on its 150th anniversary : the Central European Parliamentary Libraries from the past to the present
_ceditor, Karel Sosna.
260 _a[Prague?] :
_bVisegrad Fund,
_c2009.
300 _a206 p. :
_bcol. ill. ;
_c24 cm.
504 _aIncludes bibliographical references.
610 1 0 _aCzech Republic.
_bParlament.
_bParlamentní knihovna
_xHistory.
650 0 _aNational libraries
_zCzech Republic
_xHistory.
700 1 _aSosna, Karel.
710 1 _aCzech Republic.
_bParlament.
_bParlamentní knihovna.
906 _a7
_bcbc
_corignew
_d3
_encip
_f20
_gy-gencatlg
942 _2ddc
_cBK
999 _c128
_d128